Statistieken voor Landen via Foto n°5

Klik hier om de quiz te nemen!

Algemene statistieken

  • Deze quiz is 1.117 keer genomen
  • De gemiddelde score is 8 van 15

Antwoordstatistieken

Antwoord% Correct
Verenigde Staten
94%
Griekenland
92%
India
90%
Japan
79%
Frankrijk
73%
Noorwegen
64%
Verenigde Arabische Emiraten
60%
Thailand
53%
Indonesië
47%
Tsjechië
43%
Armenië / Turkije
38%
Brazilië
26%
Egypte
19%
Kazachstan
18%
Jemen
17%

Scoreverdeling

Percentiel versus Aantal Correcte Antwoorden

Procent van Mensen met Elke Score

Uw Scoregeschiedenis

U heeft deze quiz nog niet genomen